[Event "Bodo CC-ch"]
[Site "Bodo"]
[Date "2020.03.03"]
[Round "3"]
[White "Hjelle, Kjell"]
[Black "Andersen, Asmund"]
[Result "0-1"]
[WhiteElo "1202"]
[BlackElo "1534"]
[PlyCount "50"]
[EventDate "2020.02.11"]
[EventType "swiss"]
[EventRounds "7"]
[EventCountry "NOR"]
[SourceTitle "EXT 2024"]
[Source "ChessBase"]
[SourceDate "2023.10.10"]
[SourceVersion "1"]
[SourceVersionDate "2023.10.10"]
[SourceQuality "1"]

1. d4 d5 2. Nf3 Bf5 3. Bf4 c5 4. c3 f6 5. e3 cxd4 6. Nxd4 Bxb1 7. Ne6 Qb6 8. Nxf8 e5 9. Rxb1 exf4 10. Ne6 Qxe6 11. Be2 fxe3 12. 0-0 Ne7 13. h3 Nbc6 14. fxe3 Qxe3+ 15. Kh1 0-0-0 16. Rf3 Qg5 17. Qf1 Kb8 18. b4 Ne5 19. Rf2 Rhe8 20. a4 d4 21. cxd4 Rxd4 22. Bb5 Red8 23. Qe2 Rd2 24. Qe1 Nf5 25. Kg1 Nf3+ 0-1

[Event "Bodo-ch"]
[Site "Bodo"]
[Date "2018.11.06"]
[Round "4"]
[White "Olsen, Bjorn Lovheim"]
[Black "Andersen, Asmund"]
[Result "0-1"]
[WhiteElo "1344"]
[BlackElo "1506"]
[PlyCount "164"]
[EventDate "2018.10.16"]
[EventType "swiss"]
[EventRounds "6"]
[EventCountry "NOR"]
[SourceTitle "EXT 2024"]
[Source "ChessBase"]
[SourceDate "2023.10.10"]
[SourceVersion "1"]
[SourceVersionDate "2023.10.10"]
[SourceQuality "1"]

1. Nf3 Nf6 2. d4 c5 3. c3 e6 4. Bg5 Be7 5. e3 0-0 6. Bd3 d5 7. dxc5 Bxc5 8. Qc2 g6 9. h4 Kg7 10. h5 h6 11. Bxh6+ Kxh6 12. hxg6+ Kg7 13. Ne5 Rh8 14. Rf1 fxg6 15. Bxg6 Rh2 16. Rg1 Qb6 17. Be8 Ne4 18. Qe2 Qd8 19. Qg4+ Qg5 20. Nd2 Qxg4 21. Nxg4 Rh8 22. Nxe4 dxe4 23. Ba4 a6 24. 0-0-0 b5 25. Bc2 Bb7 26. Rh1 Rxh1 27. Rxh1 Nd7 28. Rh6 Ne5 29. Rh5 Nd7 30. Bb3 Re8 31. Rg5+ Kf7 32. Rh5 Kg6 33. Rh1 Kg5 34. Bd1 Rf8 35. Rh7 Bc8 36. Rg7+ Kf5 37. Rh7 Nf6 38. Nxf6 Kxf6 39. Rh6+ Ke5 40. Rh5+ Kd6 41. b4 Bb6 42. f3 exf3 43. Bxf3 Bxe3+ 44. Kc2 Rf7 45. Kd3 Ba7 46. a4 Rf5 47. Rxf5 exf5 48. axb5 axb5 49. c4 bxc4+ 50. Kxc4 Bd7 51. b5 Bb6 52. g4 fxg4 53. Bxg4 Bxg4 54. Kb4 Be2 55. Kb3 Bxb5 56. Kb4 Ba6 57. Kb3 Kd5 58. Kb4 Kd4 59. Kb3 Ba5 60. Ka4 Be1 61. Kb3 Bb5 62. Kc2 Ba4+ 63. Kb2 Kd3 64. Ka3 Bd1 65. Kb2 Kc4 66. Kc1 Ba4 67. Kb1 Kb3 68. Kc1 Kc3 69. Kb1 Kb4 70. Kc1 Ka3 71. Kb1 Bb3 72. Kc1 Bc3 73. Kb1 Be1 74. Kc1 Kb4 75. Kb2 Bc3+ 76. Kb1 Bd2 77. Kb2 Bd1 78. Ka2 Bc1 79. Kb1 Ba3 80. Ka2 Ka4 81. Kb1 Kb3 82. Ka1 Bb2+ 0-1

[Event "Bodo CC-ch"]
[Site "Bodo"]
[Date "2018.??.??"]
[Round "3"]
[White "Andersen, Asmund"]
[Black "Lien, Harald"]
[Result "0-1"]
[WhiteElo "1488"]
[BlackElo "1494"]
[PlyCount "96"]
[EventDate "2018.01.30"]
[EventType "swiss (rapid)"]
[EventRounds "9"]
[EventCountry "NOR"]
[SourceTitle "EXT 2024"]
[Source "ChessBase"]
[SourceDate "2023.10.10"]
[SourceVersion "1"]
[SourceVersionDate "2023.10.10"]
[SourceQuality "1"]

1. Nc3 e6 2. e4 d5 3. Nf3 Bb4 4. e5 f6 5. d4 fxe5 6. Nxe5 Nf6 7. Bg5 0-0 8. Bd3 c5 9. 0-0 cxd4 10. Ne2 Nc6 11. Ng4 Be7 12. Nf4 e5 13. Nxf6+ Bxf6 14. Bxf6 Rxf6 15. Qh5 Rh6 16. Qf3 exf4 17. Qxf4 Qf6 18. Qg3 Qd6 19. f4 Bd7 20. a3 Re8 21. Qg5 Rf8 22. Rae1 Nd8 23. Re2 Nf7 24. Qe7 Re6 25. Rxe6 Bxe6 26. Qxb7 Qb6 27. Qe7 Qd6 28. Qxa7 Nh6 29. Qxd4 Nf5 30. Qf2 Nh6 31. h3 Bf5 32. Bb5 Qb8 33. a4 Qc7 34. c3 Bd7 35. Bxd7 Qxd7 36. Qd4 Nf5 37. Qb4 Ne3 38. Rf3 Re8 39. g4 Nxg4 40. hxg4 Qxg4+ 41. Kf2 Qh4+ 42. Rg3 Rf8 43. Kf3 Qh1+ 44. Rg2 Qd1+ 45. Re2 Qf1+ 46. Rf2 Qh3+ 47. Ke2 Re8+ 48. Kd1 Qd3+ 0-1

[Event "Bodo CC-ch"]
[Site "Bodo"]
[Date "2018.??.??"]
[Round "2"]
[White "Bjorndal, Markus Sebastian"]
[Black "Andersen, Asmund"]
[Result "0-1"]
[WhiteElo "1537"]
[BlackElo "1488"]
[PlyCount "60"]
[EventDate "2018.01.30"]
[EventType "swiss (rapid)"]
[EventRounds "9"]
[EventCountry "NOR"]
[SourceTitle "EXT 2024"]
[Source "ChessBase"]
[SourceDate "2023.10.10"]
[SourceVersion "1"]
[SourceVersionDate "2023.10.10"]
[SourceQuality "1"]

1. d4 d5 2. c4 e5 3. e3 dxc4 4. Bxc4 exd4 5. exd4 Nc6 6. Nf3 Bb4+ 7. Nc3 Qe7+ 8. Be3 Bg4 9. 0-0 0-0-0 10. Nd5 Qe4 11. Nxb4 Bxf3 12. gxf3 Qg6+ 13. Kh1 Nxb4 14. Rg1 Qc6 15. Rc1 Nd5 16. Bb3 Qd6 17. Qc2 Ngf6 18. Bg5 h6 19. Bxd5 hxg5 20. Qf5+ Kb8 21. Rg2 Nxd5 22. Qe5 f6 23. Qxd6 Rxd6 24. Rgg1 Nf4 25. Rcd1 Nh3 26. Rgf1 Re8 27. Kg2 Nf4+ 28. Kg1 b6 29. Rde1 Rxe1 30. Rxe1 Rxd4 0-1